| Tag |
First Indicator |
Second Indicator |
Subfields |
| LEADER |
00000cam a22000007a 4500 |
| 001 |
in00002527310 |
| 005 |
20151113120517.0 |
| 008 |
090609s2008 vra b 000 1 eng d |
| 010 |
|
|
|a 2009397780
|
| 020 |
|
|
|a 9780670072781 (pbk.)
|
| 020 |
|
|
|a 0670072788 (pbk.)
|
| 035 |
|
|
|a (OCoLC)ocn429484367
|
| 035 |
|
|
|a (OCoLC)429484367
|
| 040 |
|
|
|a Nz
|c NZWPM
|d DLC
|d UtOrBLW
|
| 042 |
|
|
|a lccopycat
|
| 049 |
|
|
|a TXAM
|
| 050 |
0 |
0 |
|a PZ7.G4824
|b Th 2008
|
| 082 |
0 |
4 |
|a A823.3
|2 22
|
| 100 |
1 |
|
|a Gleitzman, Morris.
|
| 245 |
1 |
0 |
|a Then /
|c Morris Gleitzman.
|
| 264 |
|
1 |
|a Camberwell, Vic. :
|b Viking,
|c 2008.
|
| 300 |
|
|
|a 182 pages ;
|c 22 cm.
|
| 336 |
|
|
|a text
|b txt
|2 rdacontent
|
| 337 |
|
|
|a unmediated
|b n
|2 rdamedia
|
| 338 |
|
|
|a volume
|b nc
|2 rdacarrier
|
| 500 |
|
|
|a Sequel to: Once.
|
| 521 |
|
|
|a For primary school age.
|
| 650 |
|
0 |
|a Orphans
|z Poland
|v Juvenile fiction.
|
| 650 |
|
0 |
|a World War, 1939-1945
|x Children
|v Juvenile fiction.
|
| 945 |
|
|
|a PromptCat
|b 842257
|
| 946 |
|
|
|a curr
|
| 947 |
|
|
|a A14839979843
|
| 994 |
|
|
|a 92
|b TXA
|
| 999 |
|
|
|a MARS
|
| 999 |
f |
f |
|s d7030ef8-27b2-3b5d-9c48-abe1b46f7caf
|i d4804436-f85b-3d1c-838b-a9b027903b29
|t 0
|
| 952 |
f |
f |
|p normal
|a Texas A&M University
|b College Station
|c Sterling C. Evans Library
|d Evans: Curriculum Collection (4th floor)
|t 0
|e PZ7.G4824 Th 2008
|h Library of Congress classification
|i unmediated -- volume
|m A14839979843
|
| 998 |
f |
f |
|a PZ7.G4824 Th 2008
|t 0
|l Evans: Curriculum Collection (4th floor)
|